000 00289nam a22001217a 4500
008 180103b xxu||||| |||| 00| 0 eng d
041 _aeng
080 _a038
100 _a23
101 _aFJA
245 _aNEW WERBSTER'S DICTIONARY OF THE ENGLISH LANGUAGE
_cWEBSTERS,N
942 _2udc
_cBK
999 _c39629
_d39629